Мумии на зазоряване (Запис номер 164479)
[ съкратено ]
| 000 -Лидер | |
|---|---|
| Контролно поле с фиксирана дължина | 01637nam a2200397 c 4500 |
| 003 - Код на организацията, давaща контролен номер | |
| Контролно поле | BLK |
| 005 - Дата и час на последна редакция | |
| Контролно поле | 20250314175749.0 |
| 008 - Елементи от данни с фиксирана дължина | |
| fixed length control field | 180410b bul|||||r ||||||| ||bul|| |
| 010 ## - Наследен системен номер | |
| LC control number | KNG00171992000 |
| 020 ## - Международен стандартен номер на книга ISBN | |
| Международен стандартен номер на книга ISBN | 978-619-191-031-1 |
| -- | издат.: Арт Етърнал Дистрибушън |
| 040 ## - Източник на каталожния запис | |
| Идентификатор на билиотеката - собственик на записа | BLK |
| 041 ## - Код за език | |
| Код за езика на текст/звукозапис или на отделно заглавие | Български |
| Код за езика КДБФ | Български |
| 072 #7 - Код за тематичната категория | |
| Код организация | bullib |
| Код за тематична категория | Н85 |
| Текст | Детска художествена литература Н |
| 080 ## - УДК | |
| Текстов определител УДК | Американска литература (на САЩ) |
| УДК код - определител по УДК | 821.111(73) |
| УДК определител | -93-32 |
| УДК - код + определител | 821.111(73)-93-32 |
| 100 1# - Редна дума - Автор | |
| Автор | Озбърн, Мери Поуп |
| Авторска отговорност | първи автор |
| R(LIN) | 336397 |
| 139 ## - Редно поле | |
| Редна дума | Озбърн, Мери Поуп |
| Авторски знак | Оз - О 45 |
| 245 10 - Сведения за заглавието | |
| Заглавие | Мумии на зазоряване |
| Редно поле (дума) | Мери Поуп Озбърн; ил. Сал Мърдока; прев. Цветелина Петкова. |
| 257 ## - Страна на издаване | |
| Страна на създаване/издаване | Съединени американски щати |
| 260 ## - Област на издателските данни | |
| -- | София |
| Име на издателя, разпространителя и проч. | Арт Етърнал Дистрибушън |
| Година на издаване | 2014 |
| 300 ## - Физическа характеристика | |
| Страници | 66 с. |
| Илюстрации и др. | с ил. |
| Размери/Мащаб | 20 см |
| 380 ## - Жанр | |
| Жанр | Детска худож. лит. |
| 490 1# - СЕРИИ (Колекции) | |
| Име на серия | Magic Tree House |
| №: серия | 3 |
| 500 ## - Общи забележки | |
| Забележка | Ориг. загл. Mummies in the Morning / Mary Pope Osborne. |
| 653 ## - Ключова дума – ненормативна | |
| Ключова дума | приказни повести |
| 653 ## - Ключова дума – ненормативна | |
| Ключова дума | литература за деца |
| 653 ## - Ключова дума – ненормативна | |
| Ключова дума | детска литература |
| 659 ## - Тематичен бюлетин | |
| Тематичен бюлетин | Н |
| 700 1# - Други автори (авторска отговорност) | |
| Лично име | Мърдока, Сал |
| Автороска отговорност (Описва отношението между автора и произведението) | ил. |
| 9 (RLIN) | 99944 |
| 700 1# - Други автори (авторска отговорност) | |
| Лично име | Петкова, Цветелина |
| Автороска отговорност (Описва отношението между автора и произведението) | прев. |
| 9 (RLIN) | 382087 |
| 852 ## - Местоположение | |
| Форматна сигнатура | Цб 272980 |
| 856 4# - Електронен адрес и достъп | |
| Електронен формат | pdf - файл |
| Път до файла /url/ | |
| 856 4# - Електронен адрес и достъп | |
| Електронен формат | pdf - файл |
| Път до файла /url/ | |
| 942 ## - АРТИКУЛИ | |
| Вид на библиотечния материал | Книги |
| Скрит в OPAC | Не |
| Koha issues (borrowed), all copies | 5 |
| 944 ## - СЪЗДАВАНЕ И РЕДАКЦИЯ на ЗАПИСА | |
| Създаване/Редакция | Създаване |
| Дата на регистрацията/редакция | 24.02.2015 |
| Статус, дата на статуса | Ива Цветкова |
| Служител, извършил регистрацията/редакцията | 30543 |
| 944 ## - СЪЗДАВАНЕ И РЕДАКЦИЯ на ЗАПИСА | |
| Създаване/Редакция | Редакция |
| Дата на регистрацията/редакция | 17.09.2015 |
| Статус, дата на статуса | ф / |
| Служител, извършил регистрацията/редакцията | Пенка_Димитрова |
| 999 ## - СИСТЕМНИ КОНТРОЛНИ НОМЕРА | |
| Koha biblionumber | 164479 |
| Koha biblioitemnumber | 164479 |
| Код за отписване | Код за изгубен артикул | Код за повреда | Коз за рестрикции | Код за отдаване | Артикулен № | Име на библиотеката - собственик | Име на библиотеката, в която се намира в момента | Статус (Текущо местоположение) | Дата на вписване в системата | Местоположение - отдел | Цена в лева | Инвентарен номер | Систематично азбучна сигнатура | Баркод | Номер на екземпляра | Цена в евро | Служебна бележка | Служебен тип на артикула |
|---|---|---|---|---|---|---|---|---|---|---|---|---|---|---|---|---|---|---|
| Не е изгубен | Не е повреден | без рестрикции | заемане за дома | 276504 | Регионална библиотека "Любен Каравелов" Русе | Регионална библиотека "Любен Каравелов" Русе | Детски отдел | 2015-02-25 | Детски отдел | 2.50 | 120000785837 | ДХ 820/899/О 45 | 120000785837 | 1 | 1.28 | Дост: Pk Вид: Ф N: 426 Дата: 23.02.2015 Дата инв: 10.08.2015 Бележки инв: Д2015 | Книги | |
| Не е изгубен | Не е повреден | без рестрикции | заемане за дома | 276505 | Регионална библиотека "Любен Каравелов" Русе | Регионална библиотека "Любен Каравелов" Русе | Детски отдел | 2015-02-25 | Детски отдел | 2.50 | 120000785838 | ДХ 820/899/О 45 | 120000785838 | 2 | 1.28 | Дост: Pk Вид: Ф N: 426 Дата: 23.02.2015 Дата инв: 28.08.2015 Бележки инв: Д2015 | Книги | |
| Не е изгубен | Не е повреден | без рестрикции | ползва се в читалня | 276506 | Регионална библиотека "Любен Каравелов" Русе | Регионална библиотека "Любен Каравелов" Русе | Хранилище | 2015-09-17 | Хранилище | 2.50 | 120000792675 | Цб 272980 | 120000792675 | 3 | 1.28 | Дост: Dp Вид: Д N: 27 Дата: 18.06.2015 | Книги |